00823 a2200217 45000010006000000050017000060080041000230030015000640400040000790800064001192450074001832640028002573000019002850410008003049420007003125900036003191000029003558560099003849990015004839520107004986372220260407155935.0260407a2025 arg spa dAR-UNSa-BCEJYS aAR-UNSa-BCEJYSbspacAR-UNSa-BCEJYS a347.6xDerecho de familia. derecho de sucesiones. herederos10aRuptura de parejaspConvivencias. Matrimonios. Disolución. Divorcio 1aMendoza :b[s.e.]c2025 a156 p.c21 cm. aspa cBK aniveau_biblio:m niveau_hierar:01 aBenaroya, Sergio Gustavo41uhttps://www.biblioeco.unsa.edu.ar/pmb/images/libros/L129429.jpgyImagen de portadaqimage/jpeg c8282d8282 00104070aBCEJYSbBCEJYSc16d2026-04-07l0o347.6 B456pL129429r2026-04-07 15:59:35w2026-04-07yL